000 02439nam a2200397 a 4500
999 _c167435
_d167435
003 BLK
005 20250122140011.0
008 180411b bul|||||r ||||||| ||bul||
010 _aKNG00175243000
040 _aBLK
041 _aBUL
_cBUL
072 7 _2bullib
_aК
_xКраезнание
080 _aСелско стопанство. Горско стопанство. Лов. Рибно стопанство
_b63
_x:061.6(497.215)
_z63:061.6(497.215)
110 1 _aЗемеделска опитна станция. Русе, кв. Образцов чифлик
_92363
139 _aЗемеделска опитна станция. Русе, кв. Образцов чифлик
_bЗ 54
245 1 0 _aОтчет на Държавната земеделска опитна и контролна станция в Образцов чифлик за 1927-1930 година
257 _aBGR
260 _bДърж. земед. опитна и контролна станция
_c1933
_fСофия : Държ. печ.
300 _a362 с.
_bс ил, 1 прегънат л.: цв. табл.
_c24 см
380 _a63
500 _aИзд. на М-вото на земеделието и държ. имоти. - Съдържа: Предговор от Гаврил Пройчов, с. 3-4. ; Публ. на персонала, с. 31-35 ; Сравн. табл. за добивите от култури за периода 1921-1928, с. 146-157, 162-167 ; Съдов опит за установяване торопотребността на почвата в Мартенската низина от Гаврил Пройчов, Васил Пеев, Мито Марков, с. 181-210 ; Рез. на фр. ез., с. 211-213 ; Табл. [списък] на лицата и орг., с които станцията е работила през отчетния период, с. 233-266, 288-289, 293.
650 4 _aИнститути, селскостопански - България
_9303361
651 4 _aОбразцов чифлик
_9179295
653 _aОбразцов чифлик
653 _aотчети
659 _aК
852 _aЦб 29504
852 _aК 63/3-54
852 _aЦб 6.250.30527
_bО
942 _cKNG
_n0
_s1
_01
944 _aCR
_c14.05.2015
_k30558
_lВаля Йорданова
944 _aED
_c2021-06-02
_kКети
999 _d167435
999 _d167435
999 _d167435